000 00273nam a22001097a 4500
008 170124b xxu||||| |||| 00| 0 eng d
020 _a9780781762021
041 _aeng
080 _a618.2
245 _aVISUAL ATLAS OF MEDICAL ASSISTING SKILLS
_cBEDFORD, D.J
942 _2udc
_cBK
999 _c3513
_d3513